000 00527nam a2200193 i 4500
001 129312
003 ES-MaACL
005 20250816062548.0
007 t|
008 070612s1970 sp ||||1| spa d
080 _a18.01(04)
100 1 _aTerrón, Eloy.
_9109798
245 1 0 _aPosibilidad de la estética como ciencia /
_cEloy Terrón.
260 _aMadrid :
_bAyuso,
_c[1970]
300 _a102 p. ;
_c19 cm.
650 7 _aEstética
_2embne
_9142387
852 _aES-MaACL
_jC-47058
_bR.75357
999 _c129312
_d129312